000 00687nam a2200289Ia 4500
005 20260324134523.0
008 008 260324s9999 xx 000 0 eng d
020 _a9781315014326
037 _aEBOOK
040 _aCRL
040 _beng
040 _cCRL
041 _2eng
041 _aeng
084 _qCRL
100 _aG. D. H. Cole
_91197124
245 2 _aA Short History of the British Working Class Movement (1937)
245 0 _bVolume 2
260 _bTaylor and Francis
260 _c2001
365 _a
365 _b300
856 _uhttp://www.taylorfrancis.com/books/9781315014326
942 _cEBOOK
999 _c1797310
_d1797310